Statistics for Countries Where Capital Isn't Largest City

Click here to take the quiz!

General Stats

  • This quiz has been taken 42 times
  • The average score is 29 of 37

Answer Stats

Largest CityCountry% Correct
SydneyAustralia
100%
Belize CityBelize
100%
TorontoCanada
98%
MumbaiIndia
98%
Tel AvivIsrael
98%
CasablancaMorocco
98%
AucklandNew Zealand
98%
AntwerpenBelgium
95%
São pauloBrazil
95%
JohannesburgSouth Africa
95%
IstanbulTurkey
95%
New York CityUnited States
95%
ShanghiChina
93%
LagosNigeria
93%
KarachiPakistan
93%
ZürichSwitzerland
93%
New TaipeiTaiwan
93%
DubaiUnited Arab Emirates
93%
Ho Chi Minh CityVietnam
93%
Dar es SalaamTanzania
86%
Quezon CityPhilippines
83%
AbidjanIvory Coast
79%
YangonMyanmar
79%
AlmatyKazakhstan
76%
ColomboSri Lanka
76%
BujumburaBurundi
69%
CotonouBenin
67%
Santa CruzBolivia
64%
DoualaCameroon
62%
SchaanLiechtenstein
55%
St Paul's BayMalta
48%
KororPalau
48%
BataEquatorial Guinea
40%
ChaguanasTrinidad and Tobago
40%
SerravalleSan Marino
38%
WenoMicronesia
31%
SerrekundaGambia
26%

Score Distribution

Percentile by Number Answered

Percent of People with Each Score

Your Score History

You have not taken this quiz